Statistiche per Chi ha presentato questi giochi a premi in TV?

Clicka qui per fare il quiz!

Statistiche generali

  • Questo quiz è stato fatto 21 volte
  • Il punteggio medio è 7 su 12

Statistiche sulle risposte

HintRisposta% Corretto
L'ereditàAmadeus/Carlo Conti/Fabrizio Frizzi/Flavio Insinna/Marco Liorni
100%
Affari tuoiPaolo Bonolis/Flavio Insinna/Pupo/Antonella Clerici/Max Giusti/Amadeus
95%
Il pranzo è servitoCorrado/Claudio Lippi/Davide Mengacci/Flavio Insinna
85%
PassaparolaGerry Scotti/Claudio Lippi
85%
Il gioco dei noveRaimondo Vianello/Gerry Scotti/Enrico Papi
85%
La ruota della fortunaAugusto Casti Mondelli/Mike Bongiorno/Enrico Papi
80%
Doppio slalomCorrado Tedeschi/Paolo Bonolis
70%
Ok il prezzo è giustoGigi Sabani/Iva Zanicchi/Emanuela Folliero/Maria Teresa Ruta
45%
C'est la vieMarco Columbro/Umberto Smaila
20%
Il musichiereMario Riva
15%
Il sicarioGino La Monica
10%
Caccia all'uomoJocelyn
10%

Distribuzione punteggi

Percentile per numero di risposta

Percentuale di utenti per punteggio

I tuoi punteggi nel tempo

Non hai fatto questo quiz